[Event "Cidade do Salvador op"]
[Site "Cidade do Salvador"]
[Date "2009.04.11"]
[Round "4"]
[White "Silva de Oliveira, Hebert"]
[Black "Azevedo, Edmundo Roberto Ram"]
[Result "1/2-1/2"]
[WhiteElo "1892"]
[BlackElo "2178"]
[PlyCount "51"]
[EventDate "2009.04.09"]
[EventType "swiss"]
[EventRounds "7"]
[EventCountry "BRA"]
[SourceTitle "EXT 2012"]
[Source "ChessBase"]
[SourceDate "2011.11.24"]
[SourceVersion "1"]
[SourceVersionDate "2011.11.24"]
[SourceQuality "1"]

1. d4 d5 2. c4 c6 3. Nc3 dxc4 4. a4 Nf6 5. e3 Bg4 6. f3 Bh5 7. Bxc4 e6 8. Nge2 Bd6 9. e4 Bc7 10. Bg5 h6 11. Be3 Nbd7 12. Nf4 Bxf4 13. Bxf4 Qa5 14. Bd6 Nxe4 15. b4 Nxc3 16. bxa5 Nxd1 17. Rxd1 Nf6 18. Rb1 0-0-0 19. Bc5 a6 20. Kf2 Nd5 21. Rb2 Bg6 22. g3 Rhe8 23. Re1 Nf6 24. Re3 Nd7 25. Ba3 Nb8 26. Bc5 1/2-1/2